00777nam a2200193Ii 450000100060000000300090000600800410001502000160005604000330007204100080010508200180011310000180013124503060014926400350045530000120049033600260050233700280052833800270055614516CO-ViMGA241108s9999||||xx |||||||||||||| ||und|| a958635461 X aCO-ViMGAbspaerdacCO-ViMGA0 aspa04a324.8661 F14m1 aJaime Fajardo10aManual de derecho electoral:bcomentarios - principales disposiciones de la constitución política - código electoral mecanismos de participación ciudadna referendo - delitos, calidades, inhabilidades e incompativilidades - conceptos del consejo nacional electoral, jurisprudencia y formularios 1aBogotá, Colombia : ABC, 2003 avolumen atextbtxt2rdacontent aunmediatedbn2rdamedia avolumebnc2rdacarrier